Stairs: (Record no. 200535)

MARC details
000 -LEADER
fixed length control field 00752nam a22002297a 4500
005 - DATE AND TIME OF LATEST TRANSACTION
control field 20250103125700.0
010 ## - LCCN (DPL NO)
LC control number ENG-139111 ENG-141610 ENG-143186
020 ## - INTERNATIONAL STANDARD BOOK NUMBER
International Standard Book Number 9788192253008 (SET OF 2)
Terms of availability 400.00
035 ## - SYSTEM CONTROL NUMBER
System control number EN-122643
035 ## - SYSTEM CONTROL NUMBER
System control number EN-125142
035 ## - SYSTEM CONTROL NUMBER
System control number EN-126718
037 ## - SOURCE OF ACQUISITION
Source of stock number/acquisition DBAD
082 ## - DEWEY DECIMAL CLASSIFICATION NUMBER
Classification number 620.31
100 ## - MAIN ENTRY--PERSONAL NAME
Personal name Kaleeswaran MC.
245 ## - TITLE STATEMENT
Title Stairs:
Remainder of title Professional Educations In Tamil Nadu/
Statement of responsibility, etc By M.C Kaleeswaran
260 ## - PUBLICATION, DISTRIBUTION, ETC. (IMPRINT)
Place of publication, distribution, etc Chennai
Name of publisher, distributor, etc Unique Media Integrators
Date of publication, distribution, etc 2011
270 ## - ADDRESS
City Chennai
Address 31/14,"BAJAJ MANOR"Flat No. 1A,First Floor,College Road,(opp to DPI) Nungambakkam
Postal code 600006
300 ## - PHYSICAL DESCRIPTION
Extent 281p.
Dimensions 22cm(pb)
300 ## - PHYSICAL DESCRIPTION
Extent 318p.
Dimensions 22cm(pb)
490 ## - SERIES STATEMENT
Volume number/sequential designation Vol 1, Vol 2
942 ## - ADDED ENTRY ELEMENTS (KOHA)
Source of classification or shelving scheme Dewey Decimal Classification
Item type English Books
Call number suffix STA
Classification part 620.31
Holdings
Withdrawn status Lost status Not for loan Collection code Home library Current library Date acquired Source of acquisition Cost, normal purchase price Full call number Barcode Copy number Cost, replacement price Koha item type Materials specified (bound volume or other part)
      Non-fiction Kadipur Kadipur 03/01/2025 Delivery of Books Division 200.00 STA 620.31 EN-126718 1 200.00 English Books VOL 2
      Non-fiction Sarojini Nagar Sarojini Nagar 02/02/2024 DBAD/PUB 400.00 620.31 KAL EN-122643 1 400.00 English Books  
    Not For Loan Non-fiction Sarojini Nagar Sarojini Nagar 03/09/2024 Delivery of Books Act Division 200.00 STA 620.31 EN-125142 1 200.00 English Books VOL 2

© Delhi Public Library
Hit Counter
free hit counter